All Cities and Towns in Indiana - Statistics

General Stats
  • This quiz has been taken 132 times
  • The average score is 53 of 303
Answer Stats
Population City/Town % Correct
876,384 Indianapolis
100%
74,879 Gary
90%
270,402 Fort Wayne
87%
117,979 Evansville
82%
101,068 Carmel
81%
85,755 Bloomington
78%
102,026 South Bend
78%
71,721 Lafayette
75%
67,999 Muncie
71%
58,020 Kokomo
68%
60,753 Terre Haute
68%
54,765 Anderson
65%
95,310 Fishers
65%
31,015 Michigan City
65%
50,996 West Lafayette
63%
33,897 Valparaiso
57%
64,668 Noblesville
56%
48,046 Columbus
53%
52,358 Elkhart
53%
75,522 Hammond
53%
35,342 Richmond
53%
27,930 Marion
47%
27,817 East Chicago
46%
11,861 Madison
46%
28,357 Zionsville
46%
25,608 Franklin
44%
12,528 Washington
44%
18,706 Avon
43%
15,150 Warsaw
43%
1,777 French Lick
41%
59,458 Greenwood
41%
43,649 Westfield
41%
34,792 Merrillville
40%
36,843 New Albany
40%
12,193 Speedway
40%
16,862 Vincennes
40%
27,001 Brownsburg
38%
30,488 Crown Point
38%
23,006 Greenfield
38%
21,569 LaPorte
38%
17,113 New Castle
38%
35,287 Plainfield
38%
36,988 Portage
38%
9,941 Wabash
38%
19,407 Shelbyville
37%
48,126 Jeffersonville
35%
2,411 Santa Claus
35%
19,959 Seymour
35%
8,732 Angola
34%
17,138 Huntington
34%
17,584 Logansport
34%
11,669 Martinsville
34%
50,363 Mishawaka
34%
13,212 Bedford
32%
7,993 Brazil
32%
34,217 Goshen
32%
10,270 Greencastle
32%
16,065 Lebanon
32%
15,724 Jasper
31%
49,462 Lawrence
31%
9,788 Mooresville
31%
13,484 Auburn
29%
16,118 Crawfordsville
29%
10,126 Danville
29%
14,088 Chesterton
28%
11,891 Greensburg
28%
9,982 Plymouth
28%
21,558 Clarksville
26%
15,884 Frankfort
26%
11,023 Peru
26%
6,201 Salem
26%
9,858 Decatur
25%
4,590 Edinburgh
25%
5,772 Gas City
25%
4,970 Tipton
25%
27,939 Hobart
24%
4,371 Pendleton
24%
7,211 Tell City
24%
6,502 Mount Vernon
22%
3,627 Paoli
22%
4,118 Austin
21%
14,937 Beech Grove
21%
3,201 Corydon
21%
5,001 Lawrenceburg
21%
22,476 Munster
21%
5,994 Rochester
21%
6,732 Scottsburg
21%
11,111 Yorktown
21%
12,796 Connersville
19%
6,747 Ellettsville
19%
2,763 LaGrange
19%
6,702 North Vernon
19%
6,002 Portland
19%
28,527 Schererville
19%
4,093 Sullivan
19%
6,686 Batesville
18%
2,892 Brownstown
18%
9,234 Columbia City
18%
15,976 Dyer
18%
8,394 Elwood
18%
1,580 Hamilton
18%
3,545 Knox
18%
5,842 Rensselaer
18%
2,083 Versailles
18%
4,765 Whiting
18%
4,686 Clinton
16%
15,922 New Haven
16%
2,256 Spencer
16%
9,092 Whitestown
16%
2,300 Bloomfield
15%
8,370 Charlestown
15%
3,371 Georgetown
15%
2,398 Lapel
15%
4,249 Mitchell
15%
6,843 Nappanee
15%
4,834 Porter
15%
6,008 Rushville
15%
8,908 Sellersburg
15%
3,048 Sheridan
15%
18,796 St. John
15%
10,147 Bluffton
13%
4,953 Cicero
13%
2,909 Delphi
13%
3,502 Hanover
13%
9,894 Kendallville
13%
2,137 Knightstown
13%
11,845 Lake Station
13%
5,243 Monticello
13%
3,252 Newburgh
13%
2,559 New Palestine
13%
2,404 Oakland City
13%
8,733 Princeton
13%
1,648 Vevay
13%
1,211 Warren
13%
5,866 Westville
13%
4,968 Alexandria
12%
3,241 Attica
12%
6,227 Boonville
12%
2,718 Butler
12%
1,491 Dale
12%
4,162 Fortville
12%
5,660 Hartford City
12%
5,204 Linton
12%
2,700 Loogootee
12%
1,848 Milan
12%
1,712 North Judson
12%
1,149 Oxford
12%
2,478 Rockville
12%
3,726 Upland
12%
2,148 Albany
10%
1,626 Argos
10%
1,750 Cambridge City
10%
2,500 Covington
10%
22,316 Highland
10%
7,479 McCordsville
10%
1,504 Monrovia
10%
2,139 Rising Sun
10%
1,710 Roanoke
10%
1,770 Southport
10%
3,440 Union City
10%
4,532 Whiteland
10%
1,975 Battle Ground
9%
4,247 Berne
9%
4,474 Bremen
9%
2,529 Brookville
9%
13,183 Cedar Lake
9%
3,318 Chandler
9%
1,546 Crothersville
9%
1,668 Dayton
9%
4,159 DeMotte
9%
2,190 Fremont
9%
6,824 Huntertown
9%
6,170 Huntingburg
9%
1,341 Monroeville
9%
1,094 Morocco
9%
1,119 Russiaville
9%
4,665 Winchester
9%
2,373 Albion
7%
3,676 Aurora
7%
2,477 Chesterfield
7%
2,145 Cloverdale
7%
1,461 Culver
7%
1,648 Daleville
7%
2,768 Fairmount
7%
2,247 Ferdinand
7%
1,836 Frankton
7%
3,670 Hebron
7%
1,958 Kouts
7%
1,986 Liberty
7%
4,379 Ligonier
7%
1,027 Lynn
7%
5,747 North Manchester
7%
2,125 Orleans
7%
2,882 Syracuse
7%
2,256 Walkerton
7%
2,259 Waterloo
7%
2,292 Winamac
7%
1,105 Akron
6%
1,692 Bristol
6%
1,533 Brookston
6%
2,579 Centerville
6%
6,017 Cumberland
6%
2,255 Dunkirk
6%
1,733 Eaton
6%
2,302 Fowler
6%
6,413 Garrett
6%
1,359 Geneva
6%
1,673 Hagerstown
6%
2,228 Hope
6%
9,933 Lowell
6%
3,613 Middlebury
6%
1,745 Monon
6%
1,385 Odon
6%
1,088 Ogden Dunes
6%
1,585 Osgood
6%
2,317 Petersburg
6%
3,614 Pittsboro
6%
1,036 Poseyville
6%
1,155 Remington
6%
1,345 Trafalgar
6%
1,004 Wanatah
6%
1,424 Westport
6%
2,208 West Terre Haute
6%
4,902 Winona Lake
6%
1,639 Woodburn
6%
1,662 Arcadia
4%
2,454 Avilla
4%
8,076 Bargersville
4%
1,754 Bourbon
4%
1,828 Burns Harbor
4%
1,481 Cannelton
4%
1,055 Clayton
4%
1,410 Dillsboro
4%
2,002 Flora
4%
1,259 Galveston
4%
16,060 Griffith
4%
1,668 Kentland
4%
1,093 Markle
4%
2,238 Middletown
4%
1,654 Montpelier
4%
1,340 Morristown
4%
2,095 New Carlisle
4%
1,390 New Pekin
4%
1,915 North Liberty
4%
3,382 Ossian
4%
1,916 Shadeland
4%
2,047 Veedersburg
4%
1,137 Andrews
3%
1,597 Brooklyn
3%
1,104 Cayuga
3%
1,979 Churubusco
3%
1,463 Clermont
3%
1,222 Converse
3%
1,432 Darmstadt
3%
1,070 Farmersburg
3%
1,251 Farmland
3%
2,766 Fort Branch
3%
4,341 Greendale
3%
2,374 Greentown
3%
2,122 Jasonville
3%
1,643 Jonesboro
3%
1,158 Long Beach
3%
1,715 Meridian Hills
3%
1,940 New Chicago
3%
1,134 Oolitic
3%
2,484 Osceola
3%
1,344 Parker City
3%
1,021 Pierceton
3%
1,282 Redkey
3%
2,144 Rockport
3%
1,397 Rome City
3%
1,217 Shelburn
3%
1,033 Sunman
3%
1,573 Thorntown
3%
1,225 Topeka
3%
1,015 Walton
3%
1,852 Williamsport
3%
5,987 Winfield
3%
1,044 Wolcottville
3%
1,407 Worthington
3%
2,840 Bicknell
1%
1,858 Edgewood
1%
1,152 Grabill
1%
1,697 Haubstadt
1%
1,386 Kingsford Heights
1%
3,858 Leo-Cedarville
1%
1,565 Milford
1%
6,241 New Whiteland
1%
1,168 North Webster
1%
1,265 Otterbein
1%
1,545 Rossville
1%
1,010 Seelyville
1%
1,741 South Whitley
1%
1,064 St. Paul
1%
1,104 Sweetser
1%
1,850 Wakarusa
1%
1,572 Warren Park
1%
1,312 Fairview Park
0%
2,424 Ingalls
0%
1,220 Mulberry
0%
1,347 Owensville
0%
1,345 Princes Lakes
0%
1,992 Trail Creek
0%
No matching quizzes found
Score Distribution
Percent of People with Each Score
Percentile by Number Answered
Your Score History
You have not taken this quiz